| 000 | 00974nam a2200313 i 4500 | ||
|---|---|---|---|
| 003 | EG-GICUC | ||
| 005 | 20260409195426.0 | ||
| 008 | 260409s1969 nyu||||fr|||| 00| 0 eng d | ||
| 040 |
_aEG-GiCUC _beng _cEG-GiCUC _dEG-GiCUC _erda |
||
| 041 | _aeng | ||
| 082 | 0 | 4 |
_221 _a343.39 _bGE . S |
| 092 | 0 | 4 | _221 |
| 099 | _aLaw1 10 343.39 GE . S 1969 | ||
| 100 | 1 |
_aGeorge,Beauford James _eeditor. |
|
| 245 | 1 | 2 |
_aSecond Annual criminal advocacy institute / _cEditor Beauford James George. |
| 264 | 1 |
_aNew Yourk City : _bPractising Law Institute, _c1969. |
|
| 300 |
_a360 pages ; _c24 cm. |
||
| 336 |
_2rda content _atext |
||
| 337 |
_2rda media _aComputer |
||
| 338 |
_2rda carrier _aOnline Resource |
||
| 546 | _aText in English | ||
| 650 | 1 | _aCriminal Law | |
| 650 | 1 | _aLaw of criminal procedure | |
| 650 | 1 | _aCriminal proof | |
| 650 | 1 | _aEvidence Criminal | |
| 856 | 4 | 0 | _uhttps://fll.law.cu.edu.eg/fulltext/bks/B10-09054.pdf |
| 905 | _a43 | ||
| 942 |
_2ddc _n0 _cBK _e21 |
||
| 999 |
_c69909 _d69909 |
||